=LDR 00000nam 2200000 4500 =001 INLIS000000000031606 =005 20130612133652 =008 ***********************************ind** =035 ##$$0010-061300000031606 =041 ##$$a ind =082 ##$$a F Rom K =090 ##$$a F Rom K, Akb, k =100 ##$$a AKBAR,Rosyid =245 ##$$a Koko Yang Cerdik , Rosyid Akbar;Penyunting,Helmi =260 ##$$a 2008 $b Jakarta =300 ##$$a 28 hlm., Illus , 21 cm =650 ##$$a FIKSI KANAK-KANAK =850 ##$$a NBPNMAT